Namen bekannter Tiere aus Film & Medien - Teil 2 - Statistiken

Allgemein
  • Dieses Quiz wurde 69 mal gespielt
  • Das Durchschnittsergebnis liegt bei 5 aus 20
Antwortstatistiken
Beschreibung Spezies Name % Korrekt
Name der Eule von Harry Potter [H] Schneeeule Hedwig
84%
Das Äffchen von Pippi Langstrumpf [H N] Totenkopfaffe Herr Nilsson
74%
Schwarzer Hengst, welcher Titelgeber eines Romans sowie mehrerer Verfilmungen und Serien ist: Black ... [B] Pferd Beauty
67%
Der Geißbock ist das Maskottchen des 1. FC Köln [H] Ziege Hennes
48%
Die Chihuahua-Hündin, benannt nach einer Fee aus Disney, war lange Zeit bekannt als das Schoßhündchen von It-Girl Paris Hilton [T] Hund Tinkerbell
38%
Schielender Löwe aus der '60er Jahre-Serie "Daktari" [C] Löwe Clarence
33%
Das Bild des Shiba Inus mit dem lustigen Blick zählt zu den wohl bekanntesten Internet-Memes überhaupt [D] Hund Doge (Kabosu)
26%
Elefantenbulle, der im 19. Jahrhundert eine Attraktion im Londoner Zoo war; sein Name ist bis heute ein Synonym für "Größe" [J] Elefant Jumbo
22%
Die Eisbärin ist ein Publikumsliebling im Nürnberger Zoo; war nach ihrer Geburt 2007 der nächste Eisbär-Star nach "Knut" [F] Eisbär Flocke
14%
"Reichste Katze der Welt" und "Pet-Influencer" mit dem Guinness-Weltrekord von über 4,5 Millionen Instagram-Followern für eine Katze; ihr Name bedeutet übersetzt "Löwin" [N] Katze Nala Cat
12%
Neben "G.I. Joe" die berühmteste Brieftaube der US-Armee; im 1.WK überbrachte sie im französischen Verdun trotz schwerer Verletzungen zuverlässig ihre Nachrichten und rettete damit mehreren Soldaten das Leben; ihr Name ist französisch für "Lieber Freund" [C A] Taube Cher Ami
10%
Erblickte 2007 im Wiener Tiergarten Schönbrunn das Licht der Welt; er war der erste Pandabär der in Europa auf natürliche Weise geboren wurde; sein Name ist chinesisch für "Glücklicher Drache" [F L] Panda Fu Long
7%
Gorilla-Dame des San Francisco Zoos, die über 1000 Zeichen Gebärdensprache beherrschte, sowie 2000 englische Wörter verstand; sie galt als das schlauste Tier der Welt [K] Gorilla Koko
7%
Schimmelhengst, der als Kriegspferd von Napoleon Bonaparte beritten wurde; benannt ist er nach dem Ort eines der von Napoleon gewonnenen Schlachten [M] Pferd Marengo
7%
Ein 2024 in einem thailändischen Zoo geborenes Zwerg-Flusspferd, dessen Bilder im Internet große Beliebtheit erlangten [M] Flusspferd Moo Deng
7%
Eines der berühmtesten amerikanischen Rennpferde, das Anfang der 70er Jahre mehrere große Siege einbrachte; ihm wurde 2010 auch ein Film gewidmet [S] Pferd Secretariat
7%
Jack Russell Terrier, der 2011 im Film "The Artist" mitwirkte und dafür die Auszeichnung "Goldenes Halsband" erhielt [U] Hund Uggie
7%
Im Jahr 1832 geboren, ist er vermutliche die älteste lebende (Stand Mai 2025) Riesen-Schildkröte und sogleich ältestes Landtier der Welt [J] Schildkröte Jonathan
5%
Von polnischen Soldaten im Iran adoptiert, wurde der Bär ein offizielles Mitglied der polnischen Armee; bei der Schlacht um Monte Cassino im 2. WK half er bei der Versorgung der Soldaten mit neuer Munition [W] Braunbär Wojtek
5%
Hahn, der 1945 auf einer Farm mit einer Axt enthauptet wurde, danach aber auf wundersame Weise 18 Monate weiter lebte [M] Haushuhn Mike
3%
Keine übereinstimmenden Quizze gefunden
Verteilung der Resultate
Anzahl Personen mit jedem Resultat
Perzentil nach korrekt beantworteten Fragen
Ihre Resultats-Entwicklung
Sie haben dieses Quiz noch nicht gespielt